| 000 | 00650nam a2200253Ia 4500 | ||
|---|---|---|---|
| 003 | OSt | ||
| 005 | 20220918213240.0 | ||
| 006 | a|||||r|||| 00| 0 | ||
| 007 | ta | ||
| 008 | 220917b |||||||| |||| 00| 0 eng d | ||
| 024 | _a131,904 | ||
| 037 | _cTextual | ||
| 040 |
_aARTS _cARTS _beng |
||
| 041 |
_2eng _aeng |
||
| 082 | _aX:8, M12 | ||
| 100 |
_aSingleton W T Ed. _9126225 |
||
| 245 | 0 | _aManagement skills | |
| 260 |
_aEngland _bMTP Press _c1981 |
||
| 300 |
_aix,303p. _ccm. |
||
| 490 | _aStudy of real skills; 3 | ||
| 650 | _aECONOMICS | ||
| 942 |
_hX:8, M12 _cTEXL _2CC |
||
| 999 |
_c255026 _d255026 |
||